Grande Hotel / (Record no. 46)
[ view plain ]
| 000 -LÍDER | |
|---|---|
| campo de controle de tamanho fixo | 01227nam a22003017a 4500 |
| 001 - NÚMERO DE CONTROLE | |
| campo de controle | 46 |
| 003 - IDENTIFICADOR DO NÚMERO DE CONTROLE | |
| campo de controle | OSt |
| 005 - DATA E HORÁRIO DA ÚLTIMA TRANSAÇÃO | |
| campo de controle | 20250528074010.0 |
| 008 - CAMPO DE DADOS FIXOS--INFORMAÇÃO GERAL | |
| campo de controle de tamanho fixo | 250122b |||||||e |||| 00| 1 eng d |
| 040 ## - FONTE DA CATALOGAÇÃO | |
| Idioma da catalogação | por |
| 041 ## - CÓDIGO DE IDIOMA | |
| Código do idioma do original e/ou traduções intermediárias do texto | ger |
| Código do idioma do texto/trilha sonora ou título diferente | por |
| 082 ## - CDD - CLASSIFICAÇÃO DECIMAL DE DEWEY | |
| Número de Classificação | 890 |
| Número do exemplar | B347g |
| 100 1# - ENTRADA PRINCIPAL--NOME PESSOAL | |
| Nome pessoal | Baum, Vicki, |
| Datas associadas ao nome | 1888-1960. |
| 9 (RLIN) | 134 |
| 240 ## - TÍTULO UNIFORME | |
| Título uniforme | Menschen im Hotel |
| 245 ## - TÍTULO | |
| Título | Grande Hotel / |
| Indicação de responsabilidade, etc. | Baum, Vicki ; Tradução de Lavinia Viotti |
| 260 ## - PUBLICAÇÃO, DISTRIBUIÇÃO, ETC. | |
| Local de publicação, distribuição, etc. | São Paulo |
| Nome do editor, distribuidor, etc. | Círculo do Livro |
| 300 ## - DESCRIÇÃO FÍSICA | |
| Extensão | 290 P. |
| 520 ## - NOTA DE RESUMO, ETC. | |
| Resumo, etc. | "Grande Hotel" é um livro de Vicki Baum, escrito em 1931 e que conta as histórias entrelaçadas de várias personagens que transitam por um hotel situado em Berlim, o qual dá título ao verbete. Participam do enredo uma bailarina russa em decadência (Grusinskaia), um barão inescrupuloso que tenta enganá-la (Barão von Geigern) e um empregado de escritório (Kringelein) que, sabendo estar próxima a sua morte, decide viver com fausto seus últimos dias. |
| 650 #0 - ASSUNTO--TERMO TÓPICO | |
| Cabeçalho tópico ou nome geográfico | Literatura austriaca |
| 9 (RLIN) | 135 |
| 650 #0 - ASSUNTO--TERMO TÓPICO | |
| Cabeçalho tópico ou nome geográfico | Histórico |
| 9 (RLIN) | 53 |
| 650 #0 - ASSUNTO--TERMO TÓPICO | |
| Cabeçalho tópico ou nome geográfico | Época |
| 9 (RLIN) | 31 |
| 650 #0 - ASSUNTO--TERMO TÓPICO | |
| Cabeçalho tópico ou nome geográfico | Clássicos |
| 9 (RLIN) | 77 |
| 650 #0 - ASSUNTO--TERMO TÓPICO | |
| Cabeçalho tópico ou nome geográfico | Filme |
| 9 (RLIN) | 26 |
| 655 #0 - TERMO DE ÍNDICE--GÊNERO E FORMA | |
| Gênero/forma/ou termo foco | Romance |
| 655 #0 - TERMO DE ÍNDICE--GÊNERO E FORMA | |
| Gênero/forma/ou termo foco | Ficção |
| 700 ## - ENTRADA ADICIONADA - NOME PESSOAL | |
| Nome pessoal | Lavinia Viotti |
| Função do autor por extenso | Tradutor |
| 9 (RLIN) | 136 |
| 942 ## - ELEMENTOS DE ENTRADA ADICIONADOS (KOHA) | |
| Fonte de classificação ou esquema de arquivamento | Classificação decimal de Dewey |
| Ocultar no OPAC | Não |
| Tipo de material Koha | Livros |
| Situação do descarte | Situação das perdas | Fonte de classificação ou esquema de arquivamento | Status danificado | Não pode ser emprestado | Coleção | Biblioteca de origem | Biblioteca atual | Localização na estante | Data de aquisição | Fonte de aquisição | Total de empréstimos | Número de chamada completo | Código de barras | Data de último acesso | Data do preço efetivo | Tipo de material Koha |
|---|---|---|---|---|---|---|---|---|---|---|---|---|---|---|---|---|
| Classificação decimal de Dewey | Ficção | Biblioteca Professor Eduardo Afonso de Castro | Biblioteca Professor Eduardo Afonso de Castro | Literatura Estrangeira | 17.07.1992 | doação | 890 / B347g | 2025-9493 | 20.01.2025 | 20.01.2025 | Livros |